Nana Saheb Peshwa and the fight for freedom. (Record no. 55034)

MARC details
000 -LEADER
fixed length control field 00819cam a22002531 4500
001 - CONTROL NUMBER
control field sa 63003348
003 - CONTROL NUMBER IDENTIFIER
control field DLC
005 - DATE AND TIME OF LATEST TRANSACTION
control field 20260227111941.0
008 - FIXED-LENGTH DATA ELEMENTS--GENERAL INFORMATION
fixed length control field 840410s1961 ii abcj b f000 0 eng
010 ## - LIBRARY OF CONGRESS CONTROL NUMBER
LC control number sa 63003348
025 ## - OVERSEAS ACQUISITION NUMBER
Overseas acquisition number PL480:I-E-1270
035 ## - SYSTEM CONTROL NUMBER
System control number (OCoLC)10613841
040 ## - CATALOGING SOURCE
Original cataloging agency DLC
Transcribing agency CU
Modifying agency OCoLC
-- DLC
042 ## - AUTHENTICATION CODE
Authentication code premarc
043 ## - GEOGRAPHIC AREA CODE
Geographic area code a-ii---
050 00 - LIBRARY OF CONGRESS CALL NUMBER
Classification number DS478
Item number .M64
100 1# - MAIN ENTRY--PERSONAL NAME
Personal name Misra, Anand Swarup,
Dates associated with a name 1908-
245 10 - TITLE STATEMENT
Title Nana Saheb Peshwa and the fight for freedom.
Statement of responsibility, etc. With a foreword by Sampurnanand.
260 ## - PUBLICATION, DISTRIBUTION, ETC.
Place of publication, distribution, etc. Lucknow,
Name of publisher, distributor, etc. Information Dept., Uttar Pradesh,
Date of publication, distribution, etc. 1961.
300 ## - PHYSICAL DESCRIPTION
Extent xxviii, 636 p.
Other physical details illus., ports. (1 col.) maps, geneal. tables.
Dimensions 30 cm.
504 ## - BIBLIOGRAPHY, ETC. NOTE
Bibliography, etc. note Bibliography: p. [592]-600.
600 00 - SUBJECT ADDED ENTRY--PERSONAL NAME
Personal name Nana Sahib,
Dates associated with a name 1820?-1859?
651 #0 - SUBJECT ADDED ENTRY--GEOGRAPHIC NAME
Geographic name India
General subdivision History
Chronological subdivision Sepoy Rebellion, 1857-1858.

No items available.

Powered by Koha